Score 0/48 Timer 10:00
2 Plays Today
% Correct
Sherlock Holmes
89.3%
Iron Man
88.9%
Pink Panther
88.6%
Mario
88.5%
The Joker
87.6%
Adolf Hitler
84.8%
Daffy Duck
83.4%
Garfield
81.6%
Sonic the Hedgehog
79.8%
Frankenstein's monster
79.3%
Albert Einstein
77.5%
Peter Griffin
77.4%
Jack Skellington
77.3%
Edward Scissorhands
76%
Osama bin Laden
75.4%
Furby
74.2%
Snoop Dogg
72.5%
David Bowie
72.2%
Gene Simmons
72.1%
The Terminator
71.3%
Velma Dinkley
69%
Optimus Prime
68.3%
Darth Maul
66.7%
The Predator
64.7%
% Correct
2Pac
63.3%
Mr. Incredible
60.8%
John Rambo
58.3%
Mahatma Gandhi
54.5%
Cyclops
52.6%
Gromit
48.5%
Billy the Puppet
48.2%
Sulley
47.6%
Felix the Cat
47.2%
Mao Zedong
46.7%
Buzz Lightyear
44.4%
Chucky
42.6%
deadmau5
42%
Nacho
39.8%
Michael Jackson
38.4%
George R. R. Martin
37.7%
Woody Allen
35.9%
Vladimir Lenin
26.3%
Tobias Fünke
24.8%
Ming the Merciless
16.7%
Thomas Magnum
15.3%
Theo Kojak
13.8%
Michael Stipe
3.7%
Dalai Lama
2.4%
Remove Ads.
Support Sporcle.
Get the best of Sporcle when you Go Orange. This ad-free experience offers more features, more stats, and more fun while also helping to support Sporcle. Thank you for becoming a member.

You're not logged in!

Compare scores with friends on all Sporcle quizzes.
OR
Log In

Show Comments

Extras

Top Quizzes Today


Score Distribution

Your Account Isn't Verified!

In order to create a playlist on Sporcle, you need to verify the email address you used during registration. Go to your Sporcle Settings to finish the process.

Report this User

Report this user for behavior that violates our Community Guidelines.

Details: